000 nam a22 7a 4500
999 _c354237
_d354237
003 NUST
005 20180118100208.0
008 180118b xxu||||| |||| 00| 0 eng d
020 _a9789332568839 pb
040 _c0
082 _a320.01 POL 2016
245 0 0 _aPolitical Theory
_bAn Introduction
_cEditor Rajeev Bhargava, Ashok Acharya
260 _aDelhi
_bPEARSON
_c2016
300 _axiv;340 p
_c23 cm
650 _2What is Political Theory and Why do we need it,
942 _2ddc
_cBK